Most Expensive Football/Soccer Transfers - Statistics

General Stats
  • This quiz has been taken 21 times
  • The average score is 30 of 50
Answer Stats
Hint Answer % Correct
€222m Neymar Jr.
100%
€90m Neymar Jr.
100%
€88m Neymar Jr.
100%
€145m Alexander Isak
95%
€77.5m Alexander Isak
95%
€180m Kylian Mbappé
95%
€117m Cristiano Ronaldo
90%
€94m Cristiano Ronaldo
90%
€125m Florian Wirtz
86%
€95m Harry Kane
86%
€127m Jude Bellingham
81%
€135m Philippe Coutinho
81%
€116.6m Declan Rice
76%
€116m Moisés Caicedo
76%
€148m Ousmane Dembelé
76%
€120m Antoine Griezmann
71%
€95m Antony
71%
€95m Hugo Ekitiké
71%
€105m Paul Pogba
71%
€113m Romelu Lukaku
71%
€84.7m Romelu Lukaku
71%
€121m Enzo Fernández
67%
€117.5m Jack Grealish
67%
€120.8m Eden Hazard
62%
€101m Gareth Bale
62%
€87m Harry Maguire
62%
€127.2m João Félix
62%
€85m Jadon Sancho
57%
€84.65m Virgil van Dijk
57%
€100m Kai Havertz
52%
€76m Kevin de Bruyne
52%
€95m Randal Kolo Muani
52%
€77.5m Zinédine Zidane
52%
€85m Darwin Nuñez
48%
€86m Frankie de Jong
48%
€85.5m Matthijs de Ligt
48%
€80m Kepa Arrizabalaga
43%
€81.72m Luis Suárez
43%
€80m Aurélien Tchouaméni
38%
€83.5m Dušan Vlahović
38%
€80m Lucas Hernández
38%
€90m Gonzalo Higuaín
33%
€80m Nicolas Pépé
33%
€90m Josko Gvardiol
29%
€77.8m Rasmus Højlund
29%
€78.9m Victor Osimhen
29%
€80.4m Wesley Fofana
24%
€76.5m Benjamin Sesko
19%
€77m Jhon Durán
19%
€80.6m Arthur Melo
14%
No matching quizzes found
Score Distribution
Percent of People with Each Score
Percentile by Number Answered
Your Score History
You have not taken this quiz